000 00877nam a22001937a 4500
999 _c59513
_d59513
003 Ge_BSU
005 20230306171620.0
008 230306s2001 ge ||||| |||| 00| 0 geo d
041 _ageo
080 _a342(479.22) მ-57
100 _aმელქაძე, ოთარ
_917119
245 _aქართული კონსტიტუციონალიზმის თანამედროვე პრობლემები /
_cოთარ მელქაძე.
264 _aთბილისი,
_c2001.
300 _a81 გვ. ;
_b20 სმ.
490 _aსადისკუსიო წერილების სერია
653 _aსაქართველოს კონსტიტუციური სამართალი.
653 _aსაქართველოს კონსტიტუცია.
942 _2udc
_cBK